000 02368nam a2200373 a 4500
003 BLK
005 20240126093226.0
008 180412b bul|||||r ||||||| ||bul||
010 _aKNG00005029000
020 _a954-420-157-2
040 _aBLK
041 _aBUL
_cBUL
080 _aМедицинска микробиология. Подразделя се с отношение (Табл. Іb) към съответните деления на 61
_b579.61
_x(075.8)
_z579.61(075.8)
100 1 _aКапрелян, Гарабед
_eпърви автор
_gХусебикян, Гарабед Капрелян
_9363616
139 _aКапрелян, Гарабед
_bР 97
245 1 0 _aРъководство за практически упражнения по микробиология
_bЗа студенти по медицина, стоматология и фармация
_cГарабед Капрелян.
257 _aBGR
260 _aСофия
_bМедицина и физкултура
_c1994
_fПловдив : Полиграфия
300 _a272 с.
_bс ил., табл.
_c20 см
380 _a5
500 _aДруги авт.: Ю. В. Дочева, П. Г. Сотирова, Р. С. Маринова, Н. П. Цанев, Р. С. Аврамова, Ив. Г. Митов, И. Ат, Хайдушка, В. К. Гърдевска, М. П. Средкова, В. К. Русев, К. Т. Методиев, Л. А. Караиванова, Св. Н. Бързашка, Б. К. Маркова, Н. С. Хаджиева, В. Е. Батинова, К. Д. Божкова-Димитрова, В. П. Григорова, А. Ат. Червенкова, К. Хр. Драгоев, отбелязани на с. 3-4 ; Пълното име на първия авт. е Гарабед Капрелян Хусебикян ; 1 542 тир.
650 4 _aМикробиология - учебници за ВУЗ
_9242072
650 4 _aМикробиология, медицинска - учебници за ВУЗ
_9247998
653 _aупражнения
653 _aмикробиология
852 _aЦб 179695
_bЦб
856 4 _qpdf
_u
856 4 _qpdf
_u
942 _cKNG
_n0
_01
944 _aCR
_c15.01.2003
_k30534
_lРадостина Карадакова
944 _aED
_c16.09.2015
999 _c3909
_d3909
999 _d3909
999 _d3909